Osvojenie dieťaťa

Bibliographic Details
Main Author: Planková, Oľga (Author)
Format: Book
Language:Slovak
PhysicalDescription:264 s., 13,74 AH 19 cm
Published: Bratislava Obzor 1979
Edition:1. vyd.
Series:Právo pre každého

MARC

LEADER 00000nam a2200000 a 4500
001 vtls001116311
003 SK-MaSNL
005 20260301183037.0
008 250414s1979 xo 0 slo
015 |a SNBA1979 
035 |a SNK000059154 
040 |a SNK  |b slo  |c SNK  |e AACR2 
041 0 |a slo 
044 |a xo  |c SK 
080 |a 347.833(094.56)  |2 1981 
100 1 |a Planková, Oľga  |4 aut  |9 278839 
245 1 0 |a Osvojenie dieťaťa  |c Oľga Planková ; Ondrej Máriássi 
250 |a 1. vyd. 
260 |a Bratislava  |b Obzor  |c 1979  |e Bratislava  |f Pravda 
300 |a 264 s., 13,74 AH  |c 19 cm 
366 |e 4000 výtl. 
490 0 |a Právo pre každého 
500 |a Lit. 211. 211 zázn. lit. o knihách, čl. a zákonoch v jaz. slov., čes., rus., nem., maď. a poľ. 
700 1 |a Máriássi, Ondrej  |4 bkd  |9 557762 
852 |a Slovenská národná knižnica 
958 |a OND 
958 |a NB 
958 |a TL 
999 |c 855671  |d 857601 
952 |t P60, <04>, [BOOK], {604}  |a SNK  |b SNK  |y VYP  |7 0  |p 17A0606194  |o snkSD 49016 D1  |0 0  |1 0  |4 0  |d 1997-09-17  |l 0  |r 2004-12-31 00:00:00  |w 2026-02-24